Statistics for The 1975 - The 1975 [BFIAFL] (Lyrics)

Click here to take the quiz!

General Stats

  • This quiz has been taken 138 times
  • The average score is 219 of 251

Answer Stats

Answer% Correct
a
99%
I
99%
I'm
99%
so
99%
sorry
99%
an
97%
and
97%
And
97%
if
97%
it
97%
seventeen
97%
You
97%
you
97%
your
97%
You're
97%
you're
97%
living
96%
thin
96%
this
96%
This
96%
what
96%
about
95%
mean
94%
the
94%
think
94%
it's
92%
It's
92%
know
92%
like
92%
after
91%
looks
91%
be
90%
bigger,
90%
but
90%
But
90%
get
90%
in
90%
is
90%
learning
90%
ropes
90%
spoke
90%
tell
90%
to
90%
was
90%
will
90%
boner,
88%
can
88%
can't
88%
of
88%
really
88%
time
88%
twenties,
88%
are
87%
got
87%
heard
87%
my
87%
super
87%
thinking
87%
I've
86%
on
86%
people
86%
tendency
86%
they
86%
young
86%
had
85%
through
85%
friends
83%
hell
83%
aren't
82%
drinking
82%
fans
82%
scrolling
82%
vogue
82%
come
79%
feeling
79%
apathetic
77%
thick,
76%
Aperol
74%
as
74%
call
73%
not
72%
postmodern
72%
all
71%
experiencing
69%
out
69%
well
69%
doing
68%
lens
68%
life
68%
making
68%
aesthetic
67%
en
67%
sell
67%
We're
67%
bits
65%
American
64%
bloke
64%
cynical
64%
just
64%
Dream
63%
mining
63%
some
63%
collateral
62%
Philippines
60%
vitriol
60%
Adderall
59%
created
58%
Liberal,
58%
While
58%
with
56%
political
55%
sleep
55%
QAnon
54%
esteem
53%
self
53%
'cause
51%
scene
51%
Whimsical,
51%
legitimate
50%
buying
47%
been
46%
Has
46%
see,
45%
up
45%
Whilst
42%

Score Distribution

Percentile by Number Answered

Percent of People with Each Score

Your Score History

You have not taken this quiz